| 000 | 00863cam a2200265 a 4500 | ||
|---|---|---|---|
| 001 | 2458 | ||
| 005 | 20231211084325.0 | ||
| 020 | _a078073002955 | ||
| 040 |
_aDLC _cDLC _dDLC _beng |
||
| 050 | 0 | 0 | _aPZ7.G759 |
| 082 | 0 | 0 |
_a823.8 _220 |
| 100 | _aGrahame, Kenneth | ||
| 245 | 0 | 4 |
_aThe Wind in the willows / _cby Kenneth Grahame ; Inside illustrations by STEVEN SALLMAN |
| 260 |
_aNew York : _bScholastic, |
||
| 300 |
_a208 pages : _billustrations ; _c20 cm |
||
| 505 | _aR | ||
| 520 | _aThe escapades of four animal friends who live along a river in the English countryside--Toad, Mole, Rat, and Badger. | ||
| 521 |
_a730 _bLexile |
||
| 521 |
_aR _bRaz-Plus |
||
| 650 | 1 |
_aAdventure _xFiction. |
|
| 650 | 1 |
_aAnimals _xFiction. |
|
| 700 | 1 |
_aGrahame, Kenneth _d1859-1932 _tDulce domum |
|
| 906 |
_a7 _bcbc _corignew _d2 _encip _f19 _gy-gencatlg |
||
| 942 |
_2ddc _cBK _n0 |
||
| 999 |
_c2458 _d2458 |
||